| 000 | 00801cab a2200229 4500 | ||
|---|---|---|---|
| 001 | WB2323-02 | ||
| 008 | 090401t1987 xxu||||| |||| 00| 0 eng d | ||
| 035 | _a(Sirsi) u12802 | ||
| 041 | _aeng | ||
| 245 | _aFarm Woodland Scheme faces problems | ||
| 260 | _c1987 | ||
| 350 | _a0 | ||
| 490 |
_aBig Farm Weekly _vvol 11 no 23, 11/6/87 p3 |
||
| 520 | _aA Professor from Edinburgh University`s Department of Forestry and Natural Resources criticises the Government`s Farm Woodland Scheme, stating that it does not ensure that woodlands established on farms will provide income after annual incentive payments stop. | ||
| 650 | _aALTERNATIVE USES | ||
| 650 | _aDIVERSIFICATION | ||
| 650 | _aFARM FORESTRY | ||
| 650 | _aFORESTRY | ||
| 690 | _aRURAL PRACTICE | ||
| 942 | _n0 | ||
| 948 | _c04/03/1997 | ||
| 999 |
_c8205 _d8205 |
||